| 000 | 00517nam a22001697a 4500 | ||
|---|---|---|---|
| 005 | 20210427070557.0 | ||
| 008 | 210226s2011 ||||| |||| 00| 0 eng d | ||
| 040 |
_aeng _cDLC |
||
| 082 |
_a37 _bE-51 |
||
| 110 |
_91159 _aEmory Magazine |
||
| 245 |
_aEmory Magazine / Anniversary Issue 175. Things You Should Know About Emory _b:Vol. 87, Number 3 |
||
| 260 |
_aAtlanta, Georgia _bEmory University _c2011 |
||
| 300 |
_a80 p. _bill. |
||
| 650 | 0 |
_9318 _aEducation |
|
| 653 | _aგანათლება | ||
| 942 |
_2udc _cMP |
||
| 999 |
_c1774 _d1774 |
||